000 00521nam a2200217Ia 4500
003 0100
008 130303s9999 xx 000 0 und d
020 _a415159792
040 _cARRUPELIB
050 _aHM66.C84 1998
100 _aCuff, E. C
245 _aPerspectives in Sociology
250 _a4th
260 _aLondon
260 _bRoutledge
260 _C1998
300 _a362p.
300 _b 25cm.
700 _aE. C. Cuff W. W. Sharrock, and D.W. Francis , Sharrock, W.W.Francis, D.W
942 0 0 _05
999 _c13790
_d13790